|
|
|
|
| LEADER |
00000nam0a2200000 4500 |
| 001 |
363516 |
| 005 |
20231102011610.0 |
| 035 |
|
|
|a (RuTPU)RU\TPU\retro\20863
|
| 090 |
|
|
|a 363516
|
| 100 |
|
|
|a 20211004d1980 km y0rusy50 ca
|
| 101 |
0 |
|
|a rus
|
| 102 |
|
|
|a GE
|
| 105 |
|
|
|a a z 001zy
|
| 200 |
1 |
|
|a Энергия землетрясений, сейсмический режим и сейсмотектонические движения Кавказа
|f Э. А. Джибладзе
|g Академия наук Грузинской ССР, Институт геофизики
|
| 210 |
|
|
|a Тбилиси
|c Мецниереба
|d 1980
|
| 215 |
|
|
|a 256 с.
|c ил.
|
| 320 |
|
|
|a Библиогр.: с. 220-253
|
| 606 |
1 |
|
|a Сейсмология
|2 stltpush
|3 (RuTPU)RU\TPU\subj\54391
|9 72548
|
| 610 |
1 |
|
|a землетрясения
|
| 610 |
1 |
|
|a Кавказ
|
| 610 |
1 |
|
|a сейсмический режим
|
| 610 |
1 |
|
|a сейсмические данные
|
| 610 |
1 |
|
|a тектонические движения
|
| 610 |
1 |
|
|a сейсмические наблюдения
|
| 610 |
1 |
|
|a расчеты
|
| 610 |
1 |
|
|a сотрясения
|
| 675 |
|
|
|a 550.34
|v 4
|
| 700 |
|
1 |
|a Джибладзе
|b Э. А.
|g Элеонора Александровна
|
| 712 |
0 |
2 |
|a Академия наук Грузинской ССР
|b Институт геофизики
|c (Тбилиси)
|2 stltpush
|3 (RuTPU)RU\TPU\col\20572
|9 27771
|
| 801 |
|
1 |
|a RU
|b 63413507
|c 20211004
|
| 942 |
|
|
|c BK
|